000
00301nam a2200133 a 4500
008
141008s2012|||| d
100
1
_a
Chapman, Gary
245
1
0
_a
5 jazykov lásky
260
_b
Porta Libri
_a
Bratislava
_c
2012
020
_c
8,50
041
_a
slo
044
_a
xo
_c
SK
958
_a
APR
999
_c
20467
_d
20467